Describing care : image and practice in rehabilitation /

Bibliographic Details
Main Author: Gubrium, Jaber F.
Other Authors: Buckholdt, David R.
Format: Book
Language:English
Published: Cambridge, Mass. : Oelgeschlager, Gunn & Hain, [1982]
Subjects:

MARC

Tag First Indicator Second Indicator Subfields
LEADER 00000pam a2200000 a 4500
001 in00000085363
005 20151008061440.0
008 811029s1982 mau b 00110 eng
010 |a  81018774  
020 |a 0899461352 
035 |a (OCoLC)07946382 
035 |9 AAJ8082AM 
039 0 |a 2  |b 3  |c 3  |d 3  |e 3 
040 |a DLC  |c DLC  |d TXA  |d UtOrBLW 
049 |a TXAM  |c [1673243] 
050 0 0 |a RM930  |b .G8 1982 
060 0 |a WB 320 G921d 
082 0 |a 362.4  |2 19 
100 1 |a Gubrium, Jaber F. 
245 1 0 |a Describing care :  |b image and practice in rehabilitation /  |c Jaber F. Gubrium, David R. Buckholdt. 
264 1 |a Cambridge, Mass. :  |b Oelgeschlager, Gunn & Hain,  |c [1982] 
264 4 |c ©1982 
300 |a xiii, 195 pages ;  |c 24 cm. 
336 |a text  |b txt  |2 rdacontent 
337 |a unmediated  |b n  |2 rdamedia 
338 |a volume  |b nc  |2 rdacarrier 
500 |a Includes index. 
504 |a Bibliography: pages 187-190. 
650 0 |a Rehabilitation. 
650 2 |a Rehabilitation  |x organization & administration. 
650 2 |a Data Collection  |x methods. 
700 1 |a Buckholdt, David R. 
999 |a MARS 
999 f f |s 2991c288-db20-30ab-a6aa-395f5cbd4372  |i 32874fe3-f0be-3895-81cb-acad3f8b3cf4  |t 0 
952 f f |p ric  |a Texas A&M University  |b Rellis Campus  |c Joint Library Facility  |d Remote Storage  |t 0  |e RM930 .G8 1982  |h Library of Congress classification  |i unmediated -- volume  |m A14806233056 
998 f f |a RM930 .G8 1982  |t 0  |l Remote Storage